Mediterranean Sea Countries Quiz Stats

 Plays Quiz not verified by Sporcle

Challenge
Share
Tweet
Embed
Score 0/22 Timer 03:00
0 Plays Today
% Correct
Italy
98.7%
Spain
97.8%
Greece
97.5%
France
97.2%
Egypt
95.3%
Turkey
95%
Morocco
94.7%
Israel
91.2%
Tunisia
91.2%
Algeria
90.9%
Libya
90.8%
% Correct
Croatia
88.6%
Cyprus
87.6%
Lebanon
86.7%
Albania
86.5%
Monaco
86.1%
Malta
84.3%
Syria
83.2%
Slovenia
82.8%
Bosnia and Herzegovina
78.2%
Montenegro
76.6%
Gibraltar (United Kingdom)
58.3%

You're not logged in!

Compare scores with friends on all Sporcle quizzes.
OR
Log In

You Might Also Like...

Show Comments

Extras

Top Quizzes Today


Score Distribution

Your Account Isn't Verified!

In order to create a playlist on Sporcle, you need to verify the email address you used during registration. Go to your Sporcle Settings to finish the process.

Report this User

Report this user for behavior that violates our Community Guidelines.

Details: